00389nam a2200157Ia 45000010006000000050017000060080041000230410008000640820015000721000024000872450063001112600009001743000032001836500008002156540008002231977420260306172717.0260306t2011||||xx |||||||||||||| ||spa|| aESP a341.1bC75 aColeman, JuleseAUT 4aThe oxford handbook of jurisprudence and philosophy of law c2011 ax, 1050 páginas :c24 cm. aGEN aCDE